000 00708nam a2200193Ia 4500
003 GCL
008 140319s9999 xx 000 0 ara d
040 _aGCL /
_cGCL
082 0 4 _aق
_b330.962
_bس ن
100 1 _aسعد الدين وهبة
245 1 0 _aمن الانفتاح الى الخصخصة: النهب الثالث لمصر: دراسة بالوثائق والارقام /
_cسعد الدين وهبة
300 _a197 ص
490 _aالهيئة العامة للاستعلامات
_v0
650 0 4 _aصندوق النقد الدولى
650 0 4 _aالخصخصة
650 0 4 _aالقطاع العام - مصر
650 0 4 _aمصر - الاحوال الاقتصادية
942 _2ddc
_cBK
999 _c49090
_d49090